00512nam a2200169Ia 450000500170000000800410001702000150005808200130007310000110008624500160009726000430011330000120015650000560016894200060022495200970023099900150032720250520005056.0240331s9999 xx 000 0 und d a955800801X bKARa805 aKaroor 0aLee bonikko aBoralesgamuwabAsian Film centrec2001 a65 p ., aBased on the Malayalam Short Story Translation Book cL 001040708LaWERCLbWERCLcSSCd2024-03-31l0o 302.2 KARp4441r2024-03-31w2024-03-31yL c4762d4762